| 000 | 00823nam a22002057a 4500 | ||
|---|---|---|---|
| 999 |
_c7199 _d7199 |
||
| 003 | AR-CdUCM | ||
| 008 | 190320b ||||| |||| 00| 0 spa d | ||
| 040 |
_aMUNICIPALIDAD PROVINCIAL DEL CUSCO _cBIBLIOTECA MUNICIPAL DEL CUSCO |
||
| 082 |
_a985 / _bH59 |
||
| 245 |
_aHistoria del Perú : _bdesde sus origenes hasta nuestros días / |
||
| 260 |
_aLima : _bTipografía peruana, |
||
| 300 |
_a121 páginas ; _bIlustraciones. _c17.5 cm. |
||
| 500 | _aTomo II: El Perú virreinal. | ||
| 505 | _aContenido: La tradición hispanica -- Historiografía colonial -- Los primeros viajes -- Hacia Cajamarca -- Las luchas civiles -- La organización del virreinato ... | ||
| 650 |
_aPerú virreinal _920291 |
||
| 650 |
_aCriolllo y mestizo _920292 |
||
| 650 |
_aDon Francisco de Toledo _920293 |
||
| 942 |
_2ddc _cLIBROS |
||
| 945 | _aafb | ||